000 00380nam a22001577a 4500
005 20180201115019.0
008 160427b xxu||||| |||| 00| 0 eng d
020 _a81-203-0417-9
041 _aeng
082 _b00205
_a004
100 _aMano, Morris M.
_9100
245 _aDigital Logic and Computer Design
260 _aNew Delhi
_bPHI Pvt Ltd.
_c2000
300 _a612
942 _cBK
999 _c76
_d76